| 000 | 02451cam a2200445Ii 4500 | ||
|---|---|---|---|
| 001 | 9780203720936 | ||
| 008 | 180706s2010 enk ob 001 0 eng d | ||
| 020 |
_a9780203720936 _q(e-book : PDF) |
||
| 020 |
_a9781135117757 _q(e-book: PDF) |
||
| 020 |
_a9781135117825 _q(e-book: ePub) |
||
| 020 |
_a9781135117894 _q(e-book: Mobi) |
||
| 020 |
_z9781843118817 _q(hardback) |
||
| 024 | 7 |
_a10.4324/9780203720936 _2doi |
|
| 040 |
_aKO _beng |
||
| 040 |
_aFlBoTFG _cFlBoTFG _erda |
||
| 041 | 0 | _aeng | |
| 082 | 0 | 4 |
_a346.4108622 _bH429 |
| 100 | 1 |
_aHazelwood, Steven J., _eauthor. |
|
| 245 | 1 | 0 |
_aP and I clubs : _blaw and practice / _cby Steven J. Hazelwood, David Semark. |
| 246 | 3 | _aP and I clubs | |
| 250 | _aFourth edition. | ||
| 264 | 1 |
_aLondon : _bLloyd's List, _c2010. |
|
| 300 | _a1 online resource (xlviii, 472 pages) | ||
| 336 |
_atext _2rdacontent |
||
| 337 |
_acomputer _2rdamedia |
||
| 338 |
_aonline resource _2rdacarrier |
||
| 490 | 1 | _aLloyd's shipping law library | |
| 505 | 0 | _a1. Introduction and history -- 2. Structure of a modern P&I club -- 3. Directors and managers discretion -- 4. Entry -- 5. The contract of membership -- 6. Club membership -- 7. Underwriting -- 8. Calls and club funds -- 9. Introduction to P&I cover -- 10. Risks covered -- 11. Warranties and club cover -- 12. General exceptions and limitations to club cover -- 13. Claims : the role of the club -- 14. Security : club letters of undertaking -- 15. The inter-club nype agreement -- 16. The club's right of subrogation -- 17. Direct action against P&I clubs -- 18. Notification of claims -- 19. The member's duty to sue and labour -- 20. The "pay to be paid" rule -- 21. Disputes and jurisdiction clauses -- 22. Duration of club cover -- 23. Termination of club membership -- 24. P&I club reinsurance and the international group of P&I clubs -- 25. Charterers' P&I cover -- 26. Defence cover -- 27. Direct liability under international convention certificates -- 28. Recommended clauses. | |
| 650 | 0 | _aMarine insurance. | |
| 650 | 0 |
_aFraternal insurance _xLaw and legislation. |
|
| 650 | 0 |
_aMarine insurance _zGreat Britain. |
|
| 650 | 0 |
_aFraternal insurance _xLaw and legislation _zGreat Britain. |
|
| 650 | 0 | _aShipping. | |
| 700 | 1 | _aSemark, David. | |
| 830 | 0 | _aLloyd's shipping law library. | |
| 856 | 4 | 0 |
_uhttps://www.taylorfrancis.com/books/9781135117757 _zClick here to view. |
| 904 | _aRUDRA_R | ||
| 905 | _aR_RANJAN | ||
| 942 | _cEB | ||
| 999 |
_c2995 _d2995 |
||